000 00382nam a2200157Ia 4500
999 _c31576
_d31576
003 OSt
005 20250707164705.0
008 250310s9999||||xx |||||||||||||| ||und||
040 _c.
082 _a823
_bR632
100 _95978
_aRobbins, Harold
245 0 _aNever love a stranger /
_cHarold Robbins
260 _bNew english library,
_c1958.
300 _a429 p.
942 _cBK
_2ddc